000 00628nam a2200193 i 4500
001 31692
003 ES-MaACL
007 t|
008 030129s1913 fr ||||1| fre d
100 1 _aBechterew, W. von.
_926915
245 1 3 _aLa psychologie objective /
_cpar W. Bechterew ; traduit du russe par N. Kostyleff.
260 _aParis :
_bFélix Alcan,
_c1913 (
_fCh. Herissey)
300 _aIII, 478 p. ;
_c22 cm.
490 1 _aBibliothèque de philosophie contemporaine
700 1 _aKostyleff, N.
_968648
830 0 _aBibliothèque de philosophie contemporaine
_9181027
852 _aES-MaACL
_jB-6194
999 _c31692
_d31692